[Event "ch-VIE Women Masters"]
[Site "Ho Chi Minh City VIE"]
[Date "2009.12.11"]
[Round "2"]
[White "Nguyen Thi Tuong Van"]
[Black "Nguyen Thi Thanh An"]
[Result "0-1"]
[WhiteElo "2246"]
[BlackElo "2330"]

1.e4 c5 2.Nf3 Nc6 3.d4 cxd4 4.Nxd4 Nf6 5.Nc3 d6 6.Bg5 Bd7 7.Qd2 Rc8 8.O-O-O Nxd4
9.Qxd4 Qa5 10.f4 h6 11.Bxf6 gxf6 12.Kb1 h5 13.Be2 Bg7 14.Nd5 Be6 15.Rhf1 Qc5
16.Qa4+ Bd7 17.Qb3 f5 18.exf5 Bxf5 19.Bd3 Bd7 20.Qxb7 e6 21.Rfe1 Kd8 22.Ne3 Rc7
23.Qa8+ Bc8 24.Nc4 Ke7 25.Qf3 Rb7 26.Ka1 Rb4 27.Qg3 Bf6 28.f5 h4 29.Qe3 Qxe3
30.Rxe3 Ba6 31.Ne5 Bxe5 32.Bxa6 Bxb2+ 33.Kb1 Be5+ 34.Rb3 Rxb3+ 35.axb3 Bxh2
36.fxe6 fxe6 37.Be2 Rb8 38.Rd4 Bg3 39.Rg4 Kf6 40.Kc1 d5 41.Bf3 Rb5 42.Rg8 Rc5
43.Rd8 a5 44.Kd2 Ke7 45.Rg8 e5 46.Rg6 e4 47.Bg4 Kf7 48.Ra6 Bf4+ 49.Kd1 d4
50.Re6 d3 51.cxd3 exd3 52.Ke1 d2+ 53.Kf2 d1=Q  0-1

[Event "ch-IND National A"]
[Site "Mumbai IND"]
[Date "2009.12.11"]
[Round "10"]
[White "Shyam,SM"]
[Black "Akshayraj,K"]
[Result "0-1"]
[WhiteElo "2401"]
[BlackElo "2394"]

1.e4 c5 2.Nf3 d6 3.d4 cxd4 4.Nxd4 Nf6 5.Nc3 Nc6 6.Bg5 e6 7.Qd2 a6 8.O-O-O Bd7
9.f4 b5 10.Bxf6 gxf6 11.Kb1 Qb6 12.Nxc6 Bxc6 13.Bd3 b4 14.Ne2 h5 15.Qe1 h4
16.f5 e5 17.Nc1 h3 18.g3 Bh6 19.Bc4 Ke7 20.Nd3 a5 21.Qe2 Be3 22.Rhe1 Bd4
23.Nc1 a4 24.Qd3 Rac8 25.Ne2 Bc5 26.g4 Rcg8 27.Rg1 Qb7 28.Rg3 Bxe4 29.Qd2 Rg5
30.Ng1 Bxf5 31.Bd5 Qb6 32.gxf5 Rxg3 33.hxg3 Bxg1 34.Bxf7 Kxf7 35.Qd5+ Kg7
36.Qe6 Rf8 37.Rxd6 Qe3 38.Rd7+ Kh8 39.Rd1 h2 40.Qe7 Qh6 41.Rd8 Bc5 42.Rxf8+ Qxf8
43.Qb7 Qh6 44.Qa8+ Bf8 45.Qh1 Qh3  0-1

[Event "TCh-NED 2009-10"]
[Site "Netherlands NED"]
[Date "2009.12.12"]
[Round "4"]
[White "Leenhouts,K"]
[Black "Okkes,M"]
[Result "1-0"]
[WhiteElo "2409"]
[BlackElo "2383"]

1.e4 c5 2.Nf3 Nc6 3.d4 cxd4 4.Nxd4 Nf6 5.Nc3 d6 6.Bg5 e6 7.Qd2 Be7 8.O-O-O a6
9.Bc4 Nxd4 10.Qxd4 b5 11.Bb3 Bb7 12.h4 O-O 13.f3 Qc7 14.g4 Rac8 15.Be3 Nd7
16.g5 Nc5 17.h5 e5 18.Qd2 Nxb3+ 19.axb3 b4 20.Na4 d5 21.Bb6 Qd7 22.exd5 Qf5
23.Kb1 Rfd8 24.Bxd8 Rxd8 25.Qe3 Rxd5 26.Qa7 Qxf3 27.Rdf1 Qe4 28.Re1 Qg2 29.Rhg1 Qf3
30.Rgf1 Qg2 31.Rf2 Qg3 32.Ref1 Rd7 33.Qb8+ Bf8 34.Nc5  1-0

[Event "Open Ch-Skopje"]
[Site "Skopje MKD"]
[Date "2009.12.12"]
[Round "1"]
[White "Dimov,Dani"]
[Black "Menkinoski,R"]
[Result "0-1"]
[WhiteElo "2008"]
[BlackElo "2326"]

1.e4 c5 2.Nf3 d6 3.d4 cxd4 4.Nxd4 Nf6 5.Nc3 Nc6 6.Bg5 e6 7.Bb5 Bd7 8.O-O Be7
9.Bxf6 Bxf6 10.Bxc6 bxc6 11.Qd2 O-O 12.Rad1 Qb6 13.Nb3 Be7 14.Kh1 c5 15.Qe3 a5
16.Nxc5 Bc6 17.Nb3 Qxe3 18.fxe3 Rfc8 19.Nd4 Be8 20.Rd2 Rab8 21.Nd1 Bf8 22.Rdf2 e5
23.Nf5 g6 24.Ng3 h5 25.Rd2 Bc6 26.c3 h4 27.Ne2 Bxe4 28.Nf2 Bf5 29.a3 a4 30.e4 Be6
31.Ng1 Rb6 32.Nf3 Bh6 33.Rdd1 Bb3 34.Nxh4 Bxd1 35.Nxd1 Rc4 36.Re1 d5 37.Nf3 Rxe4
38.Rxe4 dxe4  0-1

[Event "16th Open A"]
[Site "Zadar CRO"]
[Date "2009.12.14"]
[Round "2"]
[White "Kreisl,R"]
[Black "Biliskov,V"]
[Result "1/2-1/2"]
[WhiteElo "2380"]
[BlackElo "2290"]

1.e4 c5 2.Nf3 d6 3.d4 cxd4 4.Nxd4 Nf6 5.Nc3 Nc6 6.Bg5 Qb6 7.Nb3 e6 8.Bxf6 gxf6
9.Qd2 a6 10.O-O-O Bd7 11.f4 O-O-O 12.Be2 h5 13.Rhf1 Kb8 14.Kb1 Rc8 15.Rf3 h4
16.Qe1 Nb4 17.Nd2 d5 18.a3 dxe4 19.Ndxe4 Nd5 20.Nxd5 exd5 21.Rb3 Qa7 22.Qa5 Be6
23.Bxa6 Rc7 24.Nc3 Rc5 25.Qd8+ Rc8 26.Qa5 Rc5 27.Qa4 Bc8 28.Bb5 Rg8 29.Qxa7+ Kxa7
30.Bf1 Rg4 31.Nb5+ Kb8 32.Rf3 Bf5 33.Rf2 Rxf4  1/2-1/2

[Event "9th Amplico Life Rapid"]
[Site "Warsaw POL"]
[Date "2009.12.19"]
[Round "1"]
[White "Strzelczyk,A"]
[Black "Vovk,Y"]
[Result "0-1"]
[WhiteElo "1826"]
[BlackElo "2546"]

1.e4 c5 2.Nf3 Nc6 3.d4 cxd4 4.Nxd4 Nf6 5.Nc3 d6 6.Bg5 e6 7.Qd2 a6 8.O-O-O Be7
9.f4 Nxd4 10.Qxd4 b5 11.e5 dxe5 12.fxe5 Qxd4 13.Rxd4 Nd7 14.Bxe7 Kxe7 15.Re4 Bb7
16.Re1 Rac8 17.Ne4 Nxe5 18.Rg1 Rhd8 19.Kb1 Bxe4  0-1

[Event "9th Amplico Life Rapid"]
[Site "Warsaw POL"]
[Date "2009.12.19"]
[Round "5"]
[White "Barski,R"]
[Black "Czarnota,P"]
[Result "0-1"]
[WhiteElo "2206"]
[BlackElo "2528"]

1.e4 c5 2.Nf3 d6 3.d4 cxd4 4.Nxd4 Nf6 5.Nc3 Nc6 6.Bg5 e6 7.Qd2 a6 8.O-O-O Bd7
9.f4 b5 10.Bxf6 gxf6 11.Kb1 b4 12.Nce2 Qb6 13.g3 Na5 14.b3 Rc8 15.Bg2 Nb7
16.Rhe1 Nc5 17.g4 h5 18.g5 fxg5 19.fxg5 Bg7 20.h4 Kd8 21.Bf3 Kc7 22.Nf4 Be5
23.Nxh5 Kb8 24.Qf2 Bb5 25.Nf6 Rc7 26.Qd2 Nd3 27.Nxb5 Nxe1 28.Nxc7 Nxf3 29.Qxb4 Kxc7
30.Qc4+ Qc6 31.Qd3 Nxh4 32.Ng4 Ng6 33.Rf1 Rh7 34.Nf6 Bxf6 35.Rxf6 Ne5 36.Qd4 Qc5
37.Qd2 Rh4 38.g6 fxg6 39.Rxe6 Rxe4 40.Re7+ Kd8 41.Rh7 Qg1+ 42.Kb2 Qd4+ 43.Qxd4 Rxd4
44.Ra7 g5 45.Rxa6 g4 46.Ra8+ Ke7 47.Rg8 Kf7 48.Rg5 Kf6 49.Rg8 Ng6 50.Re8 g3
51.Re1 g2 52.a4 Nh4 53.a5 Nf3 54.Re3 g1=Q 55.Rxf3+ Ke6 56.a6 Rd1 57.Rd3 Rxd3  0-1

[Event "9th Amplico Life Rapid"]
[Site "Warsaw POL"]
[Date "2009.12.19"]
[Round "7"]
[White "Narmontas,M"]
[Black "Czarnota,P"]
[Result "0-1"]
[WhiteElo "2370"]
[BlackElo "2528"]

1.e4 c5 2.Nf3 d6 3.d4 cxd4 4.Nxd4 Nf6 5.Nc3 Nc6 6.Bg5 e6 7.f4 a6 8.Nxc6 bxc6
9.e5 dxe5 10.Qxd8+ Kxd8 11.fxe5 h6 12.Bxf6+ gxf6 13.exf6 Kc7 14.O-O-O h5
15.Be2 c5 16.Bf3 Rb8 17.Ne4 h4 18.Rd3 Bb7 19.Rhd1 Bc6 20.c4 Rg8 21.Kc2 Rg6
22.R1d2 Ba4+ 23.b3 Bc6 24.h3 Bxe4 25.Bxe4 Rxf6 26.Rd7+ Kb6 27.Bf3 Rf4 28.Rd1 Ka5
29.Rc7 f5 30.Rd2 e5 31.Bd5 e4 32.Re2 Rf1 33.Rf7 Bd6 34.Be6 Ra1 35.Bxf5 Rxa2+
36.Kd1 Ra1+ 37.Kc2 Ra2+ 38.Kd1 Rxe2 39.Kxe2 Rxb3 40.Bxe4 Bg3 41.Ra7 Rb6 42.Rb7 Rf6
43.Kd3 Rf1 44.Kc2 Re1 45.Bd5 Ka4 46.Bc6+ Ka5 47.Bd5 Re2+ 48.Kb3 Be5 49.Ka3 Re3+
50.Rb3 Re1 51.Rb7 Bc3 52.Kb3 Re3 53.Kc2 Bb4 54.Rh7 Be1 55.Rb7 Ka4 56.Rb1 Bb4
57.Ra1+ Ba3 58.Rb1 Ka5 59.Rb3 Re2+ 60.Kd3 Ra2 61.Rb7 Bb4 62.Rh7 Ka4 63.Rxh4 Kb3
64.Rh6 a5 65.Ra6 a4 66.h4 a3 67.h5 Ra1 68.g4 a2 69.Ke4 Rg1 70.Kf5 Ba3 71.Rb6+ Kc3
72.h6 a1=Q 73.h7 Kd2 74.Rh6 Rf1+ 75.Ke6 Qh8 76.g5 Bb2 77.Rh2+ Kc3  0-1

[Event "9th Amplico Life Rapid"]
[Site "Warsaw POL"]
[Date "2009.12.19"]
[Round "7"]
[White "Musialkiewicz,J"]
[Black "Manik,M"]
[Result "1/2-1/2"]
[WhiteElo "2162"]
[BlackElo "2435"]

1.e4 c5 2.Nf3 d6 3.d4 cxd4 4.Nxd4 Nc6 5.Nc3 Nf6 6.Bg5 e6 7.Qd2 a6 8.f4 Nxd4
9.Qxd4 b5 10.O-O-O Be7 11.e5 dxe5 12.Qxd8+ Bxd8 13.fxe5 Nd7 14.Bxd8 Kxd8
15.Bd3 Bb7 16.Rhf1 Ke7 17.Rde1 Bxg2 18.Rg1 Bb7 19.Rxg7 Rag8 20.Rxg8 Rxg8
21.Bxh7 Rh8 22.Be4 Bxe4 23.Rxe4 Rxh2 24.a4 bxa4 25.Rxa4 Nxe5 26.Rxa6 Rh1+
27.Nd1 Nc4 28.Ra1 f5 29.b3 Ne5 30.Kd2 f4 31.b4 Kf6 32.b5 f3 33.Ra8 Rh2+ 34.Kc3 Ke7
35.b6 f2 36.Nxf2 Rxf2 37.b7 Rf3+ 38.Kd2 Nd7 39.b8=Q Nxb8 40.Rxb8 Kd6 41.Rb5 e5
42.Ra5 Ke6 43.c4 Rh3 44.Ra6+ Kf5 45.c5 Ke4 46.c6 Rd3+ 47.Ke2 Rc3 48.Ra4+ Kf5
49.Ra6 Kf4 50.Kd2 Rc5 51.Ke2 e4 52.Ra3 Rxc6 53.Rb3 Rc2+ 54.Ke1 Rg2 55.Ra3 Rb2
56.Rc3 Ke5 57.Ra3 Rc2 58.Rb3 Ra2 59.Rc3 Kd4 60.Rb3 Rh2 61.Ra3 Rb2 62.Rh3 Rb1+
63.Ke2 Rb8 64.Ra3 Rb2+ 65.Ke1 Ke5 66.Rg3 Kf4 67.Rc3 e3 68.Rc8  1/2-1/2

[Event "9th Amplico Life Rapid"]
[Site "Warsaw POL"]
[Date "2009.12.20"]
[Round "11"]
[White "Socko,B"]
[Black "Vovk,Y"]
[Result "1-0"]
[WhiteElo "2643"]
[BlackElo "2546"]

1.e4 c5 2.Nf3 Nc6 3.d4 cxd4 4.Nxd4 Nf6 5.Nc3 d6 6.Bg5 e6 7.Qd2 a6 8.O-O-O Be7
9.f3 Nxd4 10.Qxd4 b5 11.h4 Bb7 12.Kb1 Rc8 13.a3 O-O 14.Be3 d5 15.exd5 Nxd5
16.Nxd5 Bxd5 17.Bd3 Bc5 18.Qf4 Qb6 19.Bxc5 Qxc5 20.Rhe1 Rfd8 21.Qe3 Qe7 22.h5 h6
23.g4 b4 24.axb4 Qxb4 25.Be4 Rb8 26.b3 a5 27.Bxd5 exd5 28.Rd4 Qa3 29.Qc1 Qc5
30.Qd2 Rb4 31.Rd1 Rdb8 32.Rxb4 axb4 33.Qxd5 Qc3 34.Qd3 Qc7 35.Qd6 Qa7 36.Qd4 Qa5
37.Qd5 Qa7 38.Qd7 Qc5 39.Re1 Kf8 40.Qd3 Kg8 41.Qe3 Qa5 42.Qe5 Qa7 43.Qe7 Qd4
44.Qe4 Qa7 45.Qe7 Qd4 46.Qe3 Qf6 47.Qe5 Qb6 48.Qd5 Rd8 49.Qe4 Qa5 50.Qc6 Kf8
51.Qe4 Ra8 52.Qe5 Qa2+ 53.Kc1 Rc8 54.Re2 Kg8 55.Qd4 Qa6 56.Kd1 Qa8 57.Kc1 Qxf3
58.Qe4 Qf1+ 59.Kb2 Qf6+ 60.Qe5 Qa6 61.Kc1 Rd8 62.Re1 Qa3+ 63.Qb2 Qa5 64.Qe5 Qa3+
65.Qb2 Qa7 66.Qe5 Qd7 67.Kb2 Ra8 68.Ra1 Rc8 69.Qe4 Qd2 70.Ra8 Qc3+ 71.Kb1 Rf8
72.Ra7 Rd8 73.Ra8 Rf8 74.Ra7 Rd8 75.Ra8 Rf8 76.Qd5 Qe1+ 77.Ka2  1-0

[Event "9th Amplico Life Rapid"]
[Site "Warsaw POL"]
[Date "2009.12.20"]
[Round "11"]
[White "Szelag,M"]
[Black "Czarnota,P"]
[Result "1/2-1/2"]
[WhiteElo "2456"]
[BlackElo "2528"]

1.e4 c5 2.Nf3 d6 3.d4 cxd4 4.Nxd4 Nf6 5.Nc3 Nc6 6.Bg5 e6 7.Qd2 a6 8.O-O-O Bd7
9.f4 b5 10.Bxf6 gxf6 11.Nxc6 Bxc6 12.Qe1 b4 13.Nd5 a5 14.Bd3 Bg7 15.f5 Bxd5
16.exd5 e5 17.Bb5+ Ke7 18.Bc6 Rb8 19.Qh4 h5 20.Kb1 Qb6 21.Rd3 Bh6 22.Qxh5 Bf4
23.Qf3 Bxh2 24.g3 Bxg3 25.a4 Bf4 26.Re1 Bg5 27.Re4 Rh4 28.Rxh4 Bxh4 29.Qg4 Bg5
30.Qc4 Be3 31.Ka2 Qc5 32.Qxc5 Bxc5 33.Kb3 Rb7 34.Kc4 Rb8 35.Rh3 e4 36.Rh4 e3
37.Re4+ Kf8 38.Kd3 Kg7 39.Re8 Rb6 40.Ra8 b3 41.c3 Ba3 42.Rxa5 Bxb2 43.Rb5 Rxb5
44.Bxb5 e2 45.Kxe2 Bxc3 46.Kd3 b2 47.Kc2 Kh6 48.a5 Bd4 49.a6 Kg5 50.Bd3 Kf4
51.a7 Bxa7 52.Kxb2 Ke5 53.Kc3 Kxd5 54.Bc2 Ke5 55.Bb1 d5 56.Kd2 Kd4 57.Ke2 Bb8
58.Bd3 Bf4 59.Bb1  1/2-1/2

[Event "Tata Steel TCh-Asia w"]
[Site "Kolkata IND"]
[Date "2009.12.23"]
[Round "2"]
[White "Padmini,R"]
[Black "Nguyen Thi Thanh An"]
[Result "0-1"]
[WhiteElo "2333"]
[BlackElo "2334"]

1.e4 c5 2.Nf3 Nc6 3.d4 cxd4 4.Nxd4 Nf6 5.Nc3 d6 6.Bg5 Bd7 7.f3 a6 8.Qd2 Nxd4
9.Qxd4 Qa5 10.h4 b5 11.a3 e5 12.Qb4 Qc7 13.Bxf6 gxf6 14.O-O-O Rc8 15.Bd3 Be6
16.Nd5 Bxd5 17.exd5 Qc5 18.Qa5 Bh6+ 19.Kb1 Rb8 20.Qxa6 b4 21.a4 O-O 22.Qc4 Qxc4
23.Bxc4 Be3 24.g4 h6 25.Bb5 Kg7 26.c3 bxc3 27.bxc3 f5 28.Kc2 Kf6 29.Bd7 fxg4
30.fxg4 Ke7 31.Bf5 Ra8 32.Rb1 Rxa4 33.Kd3 Bf4 34.Rb7+ Kf6 35.Rd7 Ra6 36.Rb1 h5
37.Rbb7 Bg3 38.Be4 hxg4 39.h5 Bf4 40.Rbc7 Kg5 41.Rxf7 Rxf7 42.Rxf7 Kxh5 43.Rh7+ Bh6
44.Rd7 g3 45.Ke2 Ra2+ 46.Kf1 Rf2+ 47.Kg1 Be3 48.Rh7+ Kg4 49.Rg7+ Kf4 50.Bg2 Bc5
51.Rf7+ Ke3 52.Rg7 Rf6 53.Rxg3+ Kf4+ 54.Kh2 Bg1+  0-1

[Event "18th Donau Open"]
[Site "Aschach AUT"]
[Date "2009.12.28"]
[Round "4"]
[White "Krejci,Jan2"]
[Black "Shengelia,D"]
[Result "1/2-1/2"]
[WhiteElo "2458"]
[BlackElo "2560"]

1.e4 c5 2.Nf3 d6 3.d4 cxd4 4.Nxd4 Nf6 5.Nc3 Nc6 6.Bg5 e6 7.Qd2 Be7 8.O-O-O Nxd4
9.Qxd4 a6 10.f3 b5 11.Kb1 Bb7 12.h4 Qc7 13.Qd2 Rc8 14.Bd3 O-O  1/2-1/2

[Event "Tata Steel TCh-Asia w"]
[Site "Kolkata IND"]
[Date "2009.12.28"]
[Round "7"]
[White "Dewi,A"]
[Black "Chan Wei Yi,V"]
[Result "0-1"]
[WhiteElo "1938"]
[BlackElo "1924"]

1.e4 c5 2.Nf3 d6 3.d4 cxd4 4.Nxd4 Nf6 5.Nc3 Nc6 6.Bg5 e6 7.Qd2 Be7 8.O-O-O O-O
9.f4 Nxd4 10.Qxd4 Qa5 11.Bc4 Bd7 12.e5 dxe5 13.fxe5 Bc6 14.Bxf6 gxf6 15.Bd5 f5
16.Bxc6 bxc6 17.Qf4 Rab8 18.Rd7 Rb4 19.Qe3 Qc5 20.Qxc5 Bxc5 21.a3 Be3+ 22.Kb1 Rc4
23.Re1 Bd4 24.Nd1 Rb8 25.Kc1 Bc5 26.b4 Bb6 27.Nb2 Rg4 28.Re2 a5 29.h3 Rh4
30.Nd3 axb4 31.axb4 Re4 32.Kd2 Rc4 33.c3 Kf8 34.Rd6 Bc7 35.Rd7 Rc8 36.Nc5 Ke8
37.Rd3 Ra8 38.Rde3 Rh4 39.Kd3 Bb6 40.g3 Rd8+ 41.Kc2 Rxh3 42.Nb7 Ra8 43.Nd6+ Ke7
44.Rf3 h5 45.Nc4 Bc7 46.Nd2 Rg8 47.Ree3 Rg4 48.c4 Kd7 49.Kc3 Bd8 50.b5 Ba5+
51.Kc2 Rh2 52.Rd3+ Kc7 53.bxc6 Rxd2+ 54.Rxd2 Bxd2 55.Kxd2 Rxc4 56.Ra3 Kxc6
57.Ra7 Kd5 58.Rxf7 Rg4 59.Rh7 Rg5  0-1

[Event "18th Donau Open"]
[Site "Aschach AUT"]
[Date "2009.12.30"]
[Round "6"]
[White "Sakelsek,T"]
[Black "Shengelia,D"]
[Result "1/2-1/2"]
[WhiteElo "2400"]
[BlackElo "2560"]

1.e4 c5 2.Nf3 d6 3.d4 cxd4 4.Nxd4 Nf6 5.Nc3 Nc6 6.Bg5 e6 7.Qd2 Be7 8.O-O-O Nxd4
9.Qxd4 a6 10.h4 O-O 11.e5 dxe5  1/2-1/2

[Event "22nd Open"]
[Site "Staufer GER"]
[Date "2010.01.02"]
[Round "2"]
[White "Schaefer,Al"]
[Black "Rau,H"]
[Result "0-1"]
[WhiteElo "2064"]
[BlackElo "2466"]

1.e4 c5 2.Nf3 Nc6 3.d4 cxd4 4.Nxd4 Nf6 5.Nc3 d6 6.Bg5 e6 7.Qd2 a6 8.O-O-O Bd7
9.f3 b5 10.Kb1 h6 11.Be3 Ne5 12.h4 b4 13.Nce2 d5 14.Bf4 Nc4 15.Qe1 Rc8 16.Nc1 dxe4
17.fxe4 Be7 18.Bxc4 Rxc4 19.Qe2 Qc8 20.Ncb3 e5 21.Bxe5 Bg4 22.Qd3 Bxd1 23.Rxd1 Ng4
24.Bg3 g6 25.h5 O-O 26.e5 gxh5 27.Nf5 Bg5 28.Nd6 Rd8 29.Nd4 Rxd4 30.Qxd4 Qc6
31.Qxb4 Ne3 32.Rc1 Qxg2 33.Qb3 Rxd6 34.exd6 Qxg3 35.Qd3 h4 36.d7 Bd8 37.a4 h3
38.Qxa6 h2 39.Qa8 Qc7 40.Qe4 Bg5 41.Qe8+ Kg7 42.d8=Q Qxd8 43.Qe5+ Qf6 44.Qxf6+ Kxf6
45.a5 Ng4 46.Rh1 Ke6 47.a6 Be3 48.c4 Kd6 49.b4 Kc6 50.c5 Kc7 51.Kc2 Kb8 52.a7+ Kxa7
53.Ra1+ Kb7 54.Kd3 Bg1  0-1

[Event "22nd Open"]
[Site "Staufer GER"]
[Date "2010.01.03"]
[Round "4"]
[White "Hirneise,J"]
[Black "Rau,H"]
[Result "1-0"]
[WhiteElo "2280"]
[BlackElo "2466"]

1.e4 c5 2.Nf3 Nc6 3.d4 cxd4 4.Nxd4 Nf6 5.Nc3 d6 6.Bg5 e6 7.Qd2 Be7 8.O-O-O Nxd4
9.Qxd4 O-O 10.f3 a6 11.Kb1 b5 12.h4 Bb7 13.Ne2 Qc7 14.Qd2 Rfd8 15.Nd4 e5
16.Nf5 d5 17.Nxe7+ Qxe7 18.exd5 Bxd5 19.Bd3 Bc4 20.Qe2 Bxd3 21.Rxd3 Rxd3
22.Qxd3 h6 23.Bc1 Rd8 24.Qf5 g6 25.Qh3 Kg7 26.Re1 Rd5 27.Qc8 Qb4 28.Rh1 a5
29.Bxh6+ Kxh6 30.Qh8+ Nh7 31.g4 f6 32.g5+ fxg5 33.hxg5+ Kxg5 34.Qxh7 Qd4
35.Qh6+ Kf6 36.Qf8+ Ke6 37.Qe8+ Kf6 38.a3 Rd7 39.Re1 Qd6 40.Rg1 Kf5 41.Qa8 Qd5
42.Qf8+ Rf7 43.Qg8 Qe6 44.Qa8 Kf6 45.Qxa5 Kg7 46.Qa8 Qc4 47.Rh1 Kf6 48.Qd8+ Kf5
49.Rg1 Rf6 50.Qd7+ Re6 51.a4 Qd4 52.Qxd4 exd4 53.axb5 Kf4 54.c4 Kxf3 55.Kc2 Kf2
56.Rd1 Re2+ 57.Kb3 Re3+ 58.Kb4 d3 59.Kc3 d2+ 60.Kxd2 Re8  1-0

[Event "15th Open"]
[Site "Bosnjaci CRO"]
[Date "2010.01.06"]
[Round "6"]
[White "Sulc,Da"]
[Black "Jelecevic,I"]
[Result "1-0"]
[WhiteElo "2270"]
[BlackElo "2180"]

1.e4 c5 2.Nf3 d6 3.d4 cxd4 4.Nxd4 Nf6 5.Nc3 Nc6 6.Bg5 e6 7.f3 a6 8.Qd2 Qc7
9.O-O-O b5 10.a3 b4 11.Nxc6 bxc3 12.Qxc3 Bd7 13.Nb4 Qxc3 14.bxc3 a5 15.Na6 Rc8
16.c4 Bc6 17.c5 dxc5 18.Bf4 Be7 19.Nc7+ Kf8 20.Ba6 Rd8 21.Rxd8+ Bxd8 22.Rd1 Be7
23.c4 Nh5 24.Be3 g5 25.Bb5 Bb7 26.Rd7 Bc8 27.Nxe6+  1-0

[Event "Open"]
[Site "Prague CZE"]
[Date "2010.01.08"]
[Round "1"]
[White "Zvara,P"]
[Black "Polak,B"]
[Result "1-0"]
[WhiteElo "2419"]
[BlackElo "2070"]

1.e4 c5 2.Nf3 d6 3.d4 cxd4 4.Nxd4 Nf6 5.Nc3 Nc6 6.Bg5 e6 7.Qd2 a6 8.O-O-O Bd7
9.f4 b5 10.Bxf6 gxf6 11.Kb1 b4 12.Nce2 Qb6 13.f5 e5 14.Nxc6 Bxc6 15.Ng3 Qc5
16.Nh5 Ke7 17.Bd3 Rg8 18.Rhg1 Rg5 19.g4 Bh6 20.Nxf6 Rxg4 21.Qxh6 Rxg1 22.Bf1 Rc8
23.Qh4 Ba4 24.Ka1 Qxc2 25.Nd5+ Kf8 26.Qh6+ Ke8 27.Bb5+ Bxb5 28.Rxg1 Qc5 29.Qg5 Kd7
30.Nf6+ Kc6 31.Rc1 Bc4 32.Nd5 Kb5 33.Qd2 a5 34.b3 Qd4+ 35.Qxd4 exd4 36.bxc4+ Rxc4
37.Kb2 a4 38.Nc7+ Kc5 39.Ne6+ fxe6 40.Rxc4+ Kxc4 41.fxe6 a3+ 42.Kb1 b3 43.e7 bxa2+
44.Kxa2 d3 45.e8=Q d2 46.Qa4+  1-0

[Event "46th ch-CUB"]
[Site "Ciego de Avila CUB"]
[Date "2010.01.14"]
[Round "2"]
[White "Ortiz Suarez,I"]
[Black "Vera Gonzalez,J"]
[Result "1-0"]
[WhiteElo "2504"]
[BlackElo "1551"]

1.e4 c5 2.Nf3 d6 3.d4 cxd4 4.Nxd4 Nf6 5.Nc3 Nc6 6.Bg5 e6 7.Qd2 Be7 8.O-O-O Nxd4
9.Qxd4 a6 10.f4 b5 11.Bxf6 gxf6 12.Be2 Qa5 13.e5 dxe5 14.fxe5 f5 15.Bf3 Rb8
16.Kb1 b4 17.Ne2 Qc5 18.Qf4 h6 19.Nd4 Rb6 20.h4 a5 21.g4 fxg4 22.Bxg4 Ba6
23.Bh5 Rf8 24.Rhg1 Qc7 25.Rg7 Bc5 26.Nb3 Rb7 27.Qf6  1-0

[Event "TCh-AUT 2009-10"]
[Site "Graz AUT"]
[Date "2010.01.14"]
[Round "4"]
[White "Kurnosov,I"]
[Black "Lanka,Z"]
[Result "1/2-1/2"]
[WhiteElo "2666"]
[BlackElo "2506"]

1.e4 c5 2.Nf3 Nc6 3.d4 cxd4 4.Nxd4 Nf6 5.Nc3 d6 6.Bg5 e6 7.Qd2 a6 8.O-O-O Bd7
9.f3 h6 10.Be3 b5 11.Kb1 Na5 12.Bd3 Qc7 13.g4 Nc4 14.Bxc4 Qxc4 15.h4 g6 16.Nb3 b4
17.Ne2 e5 18.Ng3 Be6 19.g5 hxg5 20.hxg5 Rxh1 21.Rxh1 Nd7 22.Nc1 a5 23.b3 Qc6
24.Nd3 d5 25.Rd1 d4 26.Bf2 a4 27.Ne2 Qa6 28.Nec1 Qb7 29.Bg3 Bd6 30.Qh2 Ra5
31.Qh8+ Ke7 32.f4 axb3 33.cxb3 Qxe4 34.fxe5 Bc7 35.Qh2 Bf5 36.Qd2 Rb5 37.Ka1 Nc5
38.Qc2 Qd5 39.Qc4 Qxc4 40.bxc4 Ra5 41.Nxb4 Ra3 42.Bf2 Ne6 43.Nb3 Kf8 44.Re1 Ra4
45.Nd5 Rxc4 46.Nxc7 Rxc7 47.Nxd4 Nxd4 48.Bxd4 Rc4 49.Rd1 Ke7 50.a3 Ke6 51.Bb2 Rg4
52.Rd6+ Ke7 53.Bc1 Re4 54.Bd2 Rxe5 55.Bb4 Ke8 56.Bc3 Re3 57.Kb2 Re6 58.Rd2 Rb6+
59.Bb4 Be6 60.Kc3 Rb5 61.Rg2 Rf5 62.Rg3  1/2-1/2

[Event "8th Parsvnath Open"]
[Site "New Delhi IND"]
[Date "2010.01.15"]
[Round "3"]
[White "Pon,N"]
[Black "Manik,M"]
[Result "0-1"]
[WhiteElo "2186"]
[BlackElo "2435"]

1.e4 c5 2.Nf3 Nc6 3.d4 cxd4 4.Nxd4 Nf6 5.Nc3 d6 6.Bg5 e6 7.Qd2 a6 8.O-O-O Bd7
9.Bc4 b5 10.Bxf6 gxf6 11.Bb3 Qb6 12.Kb1 Nxd4 13.Qxd4 Qxd4 14.Rxd4 Rg8 15.g3 Rc8
16.Ne2 Rc5 17.c3 Bc6 18.f3 f5 19.exf5 Bxf3 20.fxe6 fxe6 21.Re1 Re5 22.Bd1 Rg4
23.Rf4 Rxf4 24.gxf4 Re4 25.Kc2 Bh6 26.Kd3 d5 27.Rf1 Bxe2+ 28.Bxe2 Bxf4 29.Bf3 Re5
30.h3 Ke7 31.Bg4 Bg5 32.h4 Re3+ 33.Kc2 Bf6 34.h5 Rg3 35.Bf3 Be5 36.Kd3 Kd6
37.Ke2 Rg8 38.Rd1 a5 39.Be4 Rg5 40.Bf3 Rg7 41.a3 Rc7 42.Ra1 Rc4 43.Kd3 Rf4
44.Ke3 Ra4 45.Kd3 Rc4 46.Ke2 Bf6  0-1

[Event "TCh-AUT 2009-10"]
[Site "Graz AUT"]
[Date "2010.01.16"]
[Round "6"]
[White "Varga,Zo"]
[Black "Shengelia,D"]
[Result "0-1"]
[WhiteElo "2486"]
[BlackElo "2560"]

1.e4 c5 2.Nf3 Nc6 3.d4 cxd4 4.Nxd4 Nf6 5.Nc3 d6 6.Bg5 e6 7.Qd2 Be7 8.O-O-O Nxd4
9.Qxd4 a6 10.e5 dxe5 11.Qxe5 Bd7 12.Be2 Rc8 13.Bf3 Qc7 14.Qxc7 Rxc7 15.Bf4 Rc4
16.Be3 b5 17.Bd4 b4 18.Bxf6 gxf6 19.Ne4 Bc6 20.Nd6+ Bxd6 21.Rxd6 Bxf3 22.gxf3 Ke7
23.Rxa6 Rhc8 24.Ra7+ Kf8 25.c3 bxc3 26.b3 Rf4 27.Rd1 Rxf3 28.Rdd7 Kg7 29.Rxf7+ Kg6
30.Rg7+ Kf5 31.Rg2 Rd8 32.Rc7 h5 33.h4 e5 34.a4 Rd2 35.Rxc3 Rxc3+ 36.Kxd2 Rxb3
37.Rg3 Rb2+ 38.Kc3 Rxf2 39.Kb4 Rb2+ 40.Ka3 Rb8 41.Rf3+ Ke6  0-1

[Event "8th Parsvnath Open"]
[Site "New Delhi IND"]
[Date "2010.01.16"]
[Round "5"]
[White "Das,Arg"]
[Black "Manik,M"]
[Result "1/2-1/2"]
[WhiteElo "2396"]
[BlackElo "2435"]

1.e4 c5 2.Nf3 Nc6 3.d4 cxd4 4.Nxd4 Nf6 5.Nc3 d6 6.Bg5 e6 7.Qd2 a6 8.O-O-O Bd7
9.f3 Be7 10.Be3 h5  1/2-1/2

[Event "8th Parsvnath Open"]
[Site "New Delhi IND"]
[Date "2010.01.17"]
[Round "6"]
[White "Ganesh,Ba"]
[Black "Tilak,S"]
[Result "1/2-1/2"]
[WhiteElo "2149"]
[BlackElo "2318"]

1.e4 c5 2.Nf3 d6 3.d4 cxd4 4.Nxd4 Nf6 5.Nc3 Nc6 6.Bg5 e6 7.Qd2 a6 8.O-O-O Bd7
9.f4 b5 10.Nxc6 Bxc6 11.Qe1 Be7 12.Bd3 Qa5 13.Bxf6 Bxf6 14.Nd5 Bd8 15.Kb1 Qxe1
16.Rhxe1 Bb7 17.Ne3 Bb6  1/2-1/2

[Event "GMA"]
[Site "Marianske Lazne CZE"]
[Date "2010.01.19"]
[Round "5"]
[White "Oparin,G"]
[Black "Rapport,R"]
[Result "0-1"]
[WhiteElo "2343"]
[BlackElo "2444"]

1.e4 c5 2.Nf3 d6 3.d4 cxd4 4.Nxd4 Nf6 5.Nc3 Nc6 6.Bg5 e6 7.Qd2 a6 8.O-O-O Bd7
9.f4 b5 10.Bxf6 gxf6 11.Qe1 Nxd4 12.Rxd4 Qb6 13.Rd3 Qc5 14.Kb1 Rc8 15.Rd2 b4
16.Nd1 a5 17.Bd3 a4 18.Qe3 Be7 19.Qxc5 Rxc5 20.Ne3 Bc6 21.Re1 Kd7 22.Nf1 Bd8
23.Re3 Bb6 24.Rh3 h5 25.Ne3 Ke7 26.g4 Bb7 27.f5 Rcc8 28.Nc4 hxg4 29.Rxh8 Rxh8
30.Nxb6 g3 31.b3 Rxh2 32.Rd1 g2 33.e5 Rh1 34.exd6+ Kd8  0-1

[Event "8th Parsvnath Open"]
[Site "New Delhi IND"]
[Date "2010.01.21"]
[Round "10"]
[White "Konguvel,P"]
[Black "Kryakvin,D"]
[Result "0-1"]
[WhiteElo "2420"]
[BlackElo "2575"]

1.e4 c5 2.Nf3 Nc6 3.d4 cxd4 4.Nxd4 Nf6 5.Nc3 d6 6.Bg5 e6 7.Qd2 Be7 8.O-O-O Nxd4
9.Qxd4 O-O 10.f3 a6 11.h4 b5 12.Qd2 Bb7 13.Bd3 Rc8 14.Ne2 Nd7 15.Kb1 Ne5
16.Nd4 d5 17.exd5 Bxd5 18.Rhe1 Nxd3 19.Bxe7 Qxe7 20.Qxd3 Rfd8 21.g3 b4 22.f4 a5
23.Qe3 Qf6 24.h5 a4 25.g4 b3 26.axb3 axb3 27.Nxb3 Rd7 28.Rd2 Qh4 29.Rg1 Rb7
30.f5 Rcb8 31.Rd3 h6 32.fxe6 Bxe6 33.g5 Qxh5 34.gxh6 g6 35.Kc1 Kh7 36.Rg3 Bxb3
37.cxb3 Rc7+ 38.Rc3 Rxb3 39.Rh3 Rcxc3+ 40.bxc3 Qf5 41.Qd3 Qxd3 42.Rxd3 Kxh6
43.Kc2 Ra3 44.Kb2 Ra7 45.c4 f5 46.Kb3 g5 47.c5 g4 48.c6 Rc7 49.Rd6+ Kg5 50.Kc4 g3
51.Kd5 g2 52.Rd8 Rg7 53.c7 g1=Q 54.c8=Q Qd1+ 55.Kc5 Qc2+ 56.Kd4 Qxc8 57.Rxc8 f4
58.Kd3 Re7 59.Rg8+ Kh4  0-1

[Event "8th Parsvnath Open"]
[Site "New Delhi IND"]
[Date "2010.01.22"]
[Round "11"]
[White "Patil,Pr2"]
[Black "Karthikeyan,P"]
[Result "0-1"]
[WhiteElo "2060"]
[BlackElo "2408"]

1.e4 c5 2.Nf3 d6 3.d4 cxd4 4.Nxd4 Nf6 5.Nc3 Nc6 6.Bg5 e6 7.Qd2 a6 8.O-O-O h6
9.Bh4 Nxe4 10.Qf4 Ng5 11.Nxc6 bxc6 12.Ne4 e5 13.Bxg5 hxg5 14.Qxg5 Qxg5+ 15.Nxg5 f6
16.Ne4 d5 17.Ng3 f5 18.f3 Be6 19.c3 f4 20.Ne2 Bc5 21.Kb1 Ke7 22.Nc1 a5 23.Bd3 Kf6
24.Ne2 Rab8 25.Ka1 Be3 26.Rb1 c5 27.Rbf1 c4 28.Bb1 Rb6 29.Bc2 d4 30.cxd4 exd4
31.Be4 Rhb8 32.Rb1 a4 33.a3 Rb3 34.Bc2 c3 35.Bxb3 Rxb3 36.g4 Bc4 37.Nc1 c2  0-1

[Event "GMA"]
[Site "Marianske Lazne CZE"]
[Date "2010.01.23"]
[Round "9"]
[White "Simacek,P"]
[Black "Rapport,R"]
[Result "1-0"]
[WhiteElo "2513"]
[BlackElo "2444"]

1.e4 c5 2.Nf3 d6 3.d4 cxd4 4.Nxd4 Nf6 5.Nc3 Nc6 6.Bg5 e6 7.Qd2 a6 8.O-O-O Bd7
9.f4 b5 10.Bxf6 gxf6 11.Kb1 Qb6 12.Nxc6 Bxc6 13.Qe1 Be7 14.Bd3 Qc5 15.f5 a5
16.Ne2 Qe5 17.Qf2 O-O 18.Nd4 Rfc8 19.Qg3+ Kf8 20.Qxe5 dxe5 21.Nxc6 Rxc6 22.Bxb5 Rb6
23.a4 exf5 24.exf5 Rd6 25.Rxd6 Bxd6 26.Rd1 Ke7 27.h3 h5 28.c3 Rg8 29.Bc6 Rc8
30.Bd5 Bc5 31.Bb7 Rc7 32.Bf3 h4 33.Rd5 Rc8 34.Kc2 Rc7 35.Kd3 Rc8 36.Ke4 Rc7
37.Be2 Rc6 38.Bb5 Rc7 39.Kf3 Kf8 40.Rd8+ Kg7 41.Ke4 Ra7 42.Bc6 Ra6 43.Kd5 Bf2
44.Ra8 Rb6 45.Bb5 Kh6 46.Rh8+ Kg5 47.Ke4  1-0